[Event "DEM U10/U10w 2008"]
[Site "Willingen GER"]
[Date "2008.05.14"]
[Round "7"]
[White "Boes, Julian"]
[Black "Borrink, Guido"]
[Result "0-1"]
[Termination "normal"]
[Board "36"]
[WhiteElo "966"]
[BlackElo "1098"]
[PlyCount "74"]
[WhiteFideId "12907723"]
[BlackFideId "1270502"]
[EventCountry "GER"]
[EventRounds "11"]
[EventType "swiss"]
[EventDate "2008.05.10"]

1. e4 e6 2. d4 d5 3. exd5 exd5 4. Nf3 Bd6 5. Nc3 c6 6. Be2 Bf5 7. O-O Nf6 8.
Bg5 Nbd7 9. Re1 O-O 10. a3 a5 11. Bxf6 Nxf6 12. Ne5 Re8 13. Nd3 Qc7 14. h3 b5
15. b4 Qd7 16. bxa5 Rxa5 17. Nb4 Bxh3 18. g3 Qc7 19. f4 Re3 20. Kh2 Bxf4 21.
Kh1 Bxg3 22. Rg1 Bh2 23. Re1 Bg2+ 24. Kxg2 Qg3+ 25. Kh1 Rxc3 26. Bd3 Qh3 27.
Re2 Bf4+ 28. Kg1 Be3+ 29. Rxe3 Qxe3+ 30. Kf1 Ne4 31. Bxe4 dxe4 32. d5 Qh3+ 33.
Ke1 Rf3 34. Kd2 Qg2+ 35. Qe2 Rf2 36. Re1 Rxe2+ 37. Rxe2 Qg5+ 0-1

[Event "DEM U10/U10w 2008"]
[Site "Willingen GER"]
[Date "2008.05.14"]
[Round "7"]
[White "Koch, Elisabeth"]
[Black "Sadjjadi, Anahita"]
[Result "1-0"]
[Termination "normal"]
[Board "37"]
[WhiteElo "1097"]
[BlackElo "863"]
[PlyCount "41"]
[WhiteFideId "24695068"]
[EventCountry "GER"]
[EventRounds "11"]
[EventType "swiss"]
[EventDate "2008.05.10"]

1. Nf3 d5 2. g3 Nc6 3. Bg2 Nf6 4. O-O e5 5. d3 h6 6. e4 d4 7. Ne1 Bb4 8. c3
dxc3 9. Nxc3 O-O 10. f4 Bg4 11. Nf3 exf4 12. gxf4 Bxf3 13. Qxf3 Qd4+ 14. Be3
Qxd3 15. Kh1 Bxc3 16. bxc3 Qxc3 17. Rg1 Nb4 18. Qg3 Nc2 19. Rac1 Qxe3 20. Bf3
Nd4 21. Qxg7# 1-0

[Event "DEM U10/U10w 2008"]
[Site "Willingen GER"]
[Date "2008.05.14"]
[Round "7"]
[White "Falk, Frederike"]
[Black "Braun, Nicklas Stefan"]
[Result "0-1"]
[Termination "normal"]
[Board "38"]
[WhiteElo "918"]
[BlackElo "1097"]
[PlyCount "78"]
[EventCountry "GER"]
[EventRounds "11"]
[EventType "swiss"]
[EventDate "2008.05.10"]

1. e4 e5 2. Nf3 Nc6 3. Bc4 Bc5 4. c3 Nf6 5. d4 exd4 6. e5 Qe7 7. O-O Ng4 8.
cxd4 Bb6 9. h3 Nh6 10. Bg5 Qb4 11. b3 d5 12. Bxd5 Nxd4 13. Nxd4 Qxd4 14. Qxd4
Bxd4 15. Nc3 Bxc3 16. Rac1 Bxe5 17. Rfe1 f6 18. Bf4 Nf7 19. Bxf7+ Kxf7 20. Bxe5
fxe5 21. Rxe5 Be6 22. Rxc7+ Kf6 23. Re3 Bd5 24. Rd7 Rad8 25. Rde7 Rd6 26. g4
Rc8 27. f3 Rc2 28. f4 Rxa2 29. f5 Bxb3 30. Kf1 Rd1+ 31. Re1 Bc4+ 32. Kg1 Rxe1+
33. Rxe1 b5 34. Rb1 a5 35. Kh1 b4 36. Rc1 Bd5+ 37. Kg1 b3 38. Kf1 b2 39. Rb1
Ra1 0-1

[Event "DEM U10/U10w 2008"]
[Site "Willingen GER"]
[Date "2008.05.14"]
[Round "7"]
[White "Mann, Jonas"]
[Black "Oelfke, Nils Lukas"]
[Result "1-0"]
[Termination "normal"]
[Board "39"]
[WhiteElo "1081"]
[BlackElo "921"]
[PlyCount "65"]
[WhiteFideId "12900214"]
[EventCountry "GER"]
[EventRounds "11"]
[EventType "swiss"]
[EventDate "2008.05.10"]

1. e4 e5 2. Nc3 Nf6 3. f4 d6 4. Nf3 Nbd7 5. d4 Qe7 6. Bc4 c6 7. d5 c5 8. O-O a6
9. a4 Nb6 10. Bd3 Nh5 11. Nxe5 Nxf4 12. Bxf4 dxe5 13. Bg3 c4 14. Be2 f6 15. Bh4
Qc5+ 16. Kh1 Be7 17. Bg4 Bxg4 18. Qxg4 Rg8 19. Bxf6 Bxf6 20. Rxf6 Qb4 21. Qe6+
Qe7 22. Qxg8+ Kd7 23. Qe6+ Qxe6 24. Rxe6 Nc8 25. Rxe5 Nd6 26. b3 cxb3 27. cxb3
Re8 28. Rxe8 Nxe8 29. e5 Nc7 30. Re1 b6 31. e6+ Ke7 32. d6+ Kxd6 33. e7 1-0

[Event "DEM U10/U10w 2008"]
[Site "Willingen GER"]
[Date "2008.05.14"]
[Round "7"]
[White "Marach, Jonas"]
[Black "Schröder, Janina"]
[Result "1-0"]
[Termination "normal"]
[Board "40"]
[WhiteElo "1000"]
[BlackElo "738"]
[PlyCount "127"]
[WhiteFideId "1270493"]
[BlackFideId "24693138"]
[EventCountry "GER"]
[EventRounds "11"]
[EventType "swiss"]
[EventDate "2008.05.10"]

1. e4 e5 2. Nf3 Nc6 3. Bc4 Bc5 4. c3 Nf6 5. d4 exd4 6. cxd4 Bb4+ 7. Bd2 Bxd2+
8. Nbxd2 d5 9. exd5 Nxd5 10. Qb3 Na5 11. Qa4+ Nc6 12. Bb5 Bd7 13. O-O O-O 14.
Rfe1 a6 15. Bd3 b5 16. Qc2 Ncb4 17. Bxh7+ Kh8 18. Qe4 Nf6 19. Qe7 Nxh7 20. Qxb4
a5 21. Qc5 c6 22. Re7 Be6 23. h3 Re8 24. Rxe8+ Qxe8 25. Re1 Qd8 26. Ne5 Qg5 27.
Qxc6 Rg8 28. Qxe6 Rf8 29. Nxf7+ Rxf7 30. Qxf7 Nf6 31. Nf3 Qh6 32. Re5 Qc1+ 33.
Kh2 Qf4+ 34. g3 Qxf3 35. Re8+ Kh7 36. Kg1 Qd1+ 37. Kg2 Qxd4 38. Re7 Qd5+ 39.
Qxd5 Nxd5 40. Re5 Nc7 41. a4 bxa4 42. Rxa5 Ne6 43. Rxa4 Nc5 44. Rh4+ Kg8 45. b4
Nb7 46. Rd4 Kf8 47. f4 Ke7 48. g4 Kf6 49. h4 g6 50. Kf3 Ke6 51. Ke4 Nd6+ 52.
Rxd6+ Kxd6 53. h5 gxh5 54. gxh5 Ke7 55. b5 Kd7 56. h6 Kd6 57. h7 Kc5 58. h8=Q
Kxb5 59. Qc8 Kb4 60. Kd4 Kb3 61. Qc3+ Ka4 62. Qb2 Ka5 63. Kc5 Ka6 64. Qb6# 1-0

[Event "DEM U10/U10w 2008"]
[Site "Willingen GER"]
[Date "2008.05.14"]
[Round "7"]
[White "Hösch, Peter"]
[Black "Wagner, Swenja"]
[Result "1-0"]
[Termination "normal"]
[Board "41"]
[WhiteElo "1340"]
[BlackElo "832"]
[PlyCount "65"]
[BlackFideId "12900494"]
[EventCountry "GER"]
[EventRounds "11"]
[EventType "swiss"]
[EventDate "2008.05.10"]

1. e4 e5 2. f4 exf4 3. Nf3 Nf6 4. Nc3 Nc6 5. d4 d5 6. e5 Ne4 7. Qd3 Bf5 8. a3
Qd7 9. Bxf4 Be7 10. Qb5 O-O-O 11. Ng5 Bxg5 12. Bxg5 Nxg5 13. O-O-O a6 14. Qb3
Ne6 15. Na4 Nexd4 16. Qe3 Bxc2 17. Rxd4 Nxd4 18. Nc5 Qg4 19. Be2 Qxg2 20. Rg1
Qxh2 21. Rxg7 Rhg8 22. Bg4+ Kb8 23. Nd7+ Rxd7 24. Rxg8+ Ka7 25. Qxd4+ b6 26.
Bxd7 Qh1+ 27. Kxc2 Qh2+ 28. Kb3 Qh3+ 29. Bxh3 c6 30. Qg4 c5 31. Qc8 c4+ 32. Kc3
h6 33. Qb8# 1-0

[Event "DEM U10/U10w 2008"]
[Site "Willingen GER"]
[Date "2008.05.14"]
[Round "7"]
[White "Kempe, Anne"]
[Black "Müller, Max"]
[Result "1-0"]
[Termination "normal"]
[Board "42"]
[WhiteElo "1103"]
[BlackElo "800"]
[PlyCount "47"]
[WhiteFideId "12918083"]
[BlackFideId "12900486"]
[EventCountry "GER"]
[EventRounds "11"]
[EventType "swiss"]
[EventDate "2008.05.10"]

1. e4 e5 2. Nf3 Nc6 3. Bc4 Bc5 4. c3 Nf6 5. d4 exd4 6. cxd4 Bb4+ 7. Bd2 Nxe4 8.
Bxb4 Nxb4 9. Qb3 d5 10. Qxb4 dxc4 11. Qxc4 O-O 12. O-O Bg4 13. Nbd2 Bxf3 14.
Nxf3 Rc8 15. Rad1 Nd6 16. Qb4 b6 17. Rfe1 c5 18. dxc5 bxc5 19. Qf4 Rc6 20. Rd2
Qb6 21. Ne5 Re8 22. Rxd6 Rxd6 23. Qxf7+ Kh8 24. Qxe8# 1-0

[Event "DEM U10/U10w 2008"]
[Site "Willingen GER"]
[Date "2008.05.14"]
[Round "7"]
[White "Heinemann, Josefine"]
[Black "Böhme, Mathis"]
[Result "1-0"]
[Termination "normal"]
[Board "43"]
[WhiteElo "941"]
[BlackElo "1019"]
[PlyCount "37"]
[WhiteFideId "12900460"]
[BlackFideId "12900443"]
[EventCountry "GER"]
[EventRounds "11"]
[EventType "swiss"]
[EventDate "2008.05.10"]

1. e4 d5 2. exd5 Nf6 3. d4 Nxd5 4. Nf3 Nc6 5. Bb5 Bd7 6. a3 e6 7. O-O Bd6 8. c4
Nf6 9. Re1 O-O 10. c5 Be7 11. Bd3 Re8 12. Qc2 Kh8 13. Ng5 h6 14. Nxf7+ Kg8 15.
Nxd8 Nxd4 16. Qc3 Nb5 17. Bxb5 Bxb5 18. Nxe6 Nd5 19. Qxg7# 1-0

[Event "DEM U10/U10w 2008"]
[Site "Willingen GER"]
[Date "2008.05.14"]
[Round "7"]
[White "Buttgereit, Vincent"]
[Black "Döpper, Anna Berenice"]
[Result "1/2-1/2"]
[Termination "normal"]
[Board "44"]
[WhiteElo "928"]
[BlackElo "858"]
[PlyCount "40"]
[BlackFideId "1271853"]
[EventCountry "GER"]
[EventRounds "11"]
[EventType "swiss"]
[EventDate "2008.05.10"]

1. e4 e6 2. d4 d5 3. Nd2 Nf6 4. e5 Nfd7 5. Ngf3 c5 6. Nb3 c4 7. Nbd2 Nc6 8. g3
Be7 9. Bh3 O-O 10. O-O b6 11. c3 Ba6 12. Qc2 Bb7 13. b3 cxb3 14. Nxb3 Ba6 15.
Re1 Rc8 16. Bd2 Nb4 17. Qb1 Bd3 18. Qb2 Nc6 19. Nc1 Be4 20. Bg2 a6 1/2-1/2

[Event "DEM U10/U10w 2008"]
[Site "Willingen GER"]
[Date "2008.05.14"]
[Round "7"]
[White "Schramm, Anna-Lena"]
[Black "Wallat, Jessica"]
[Result "1/2-1/2"]
[Termination "normal"]
[Board "46"]
[WhiteElo "780"]
[BlackElo "760"]
[PlyCount "88"]
[WhiteFideId "12918237"]
[BlackFideId "12909637"]
[EventCountry "GER"]
[EventRounds "11"]
[EventType "swiss"]
[EventDate "2008.05.10"]

1. e4 e5 2. d4 f6 3. dxe5 fxe5 4. Bc4 Nf6 5. Nc3 Bc5 6. Nf3 d6 7. Ng5 Qd7 8.
Be6 Qe7 9. Bf7+ Kf8 10. O-O Nc6 11. Bb3 Nd4 12. Bc4 Bd7 13. a3 h6 14. Nf3 Ng4
15. g3 Re8 16. Nh4 g5 17. Ng6+ Kg7 18. Nxe7 Rxe7 19. Kg2 Rf8 20. f3 Nf6 21. b4
Bb6 22. h4 gxh4 23. gxh4 Rg8 24. Kh2 Be6 25. Bxe6 Nxe6 26. Qd2 Kf8 27. Qxh6+
Kf7 28. f4 Ng4+ 29. Kh3 Nxh6 30. fxe5+ Ke8 31. Bxh6 Nd4 32. Rac1 Rxe5 33. Bf4
Re6 34. Nd5 Kd8 35. Rg1 Rgg6 36. Rxg6 Rxg6 37. h5 Rg8 38. Bg3 Rh8 39. Bh4+ Kc8
40. Ne7+ Kb8 41. Ng6 Rh6 42. Rf1 a6 43. Ne7 Rh7 44. Rf8+ Ka7 1/2-1/2

[Event "DEM U10/U10w 2008"]
[Site "Willingen GER"]
[Date "2008.05.15"]
[Round "8"]
[White "Sawlin, Leonid"]
[Black "Schröder, Jan-Christian"]
[Result "0-1"]
[Termination "normal"]
[Board "1"]
[WhiteElo "1431"]
[BlackElo "1477"]
[PlyCount "134"]
[WhiteFideId "4689542"]
[BlackFideId "24662259"]
[EventCountry "GER"]
[EventRounds "11"]
[EventType "swiss"]
[EventDate "2008.05.10"]

1. e4 e5 2. Nf3 Nc6 3. d4 exd4 4. Nxd4 Nf6 5. Nxc6 bxc6 6. e5 Nd5 7. c4 Nb6 8.
Bd3 Bc5 9. O-O O-O 10. e6 Qh4 11. exd7 Bxd7 12. Nc3 Rfe8 13. Qf3 Nxc4 14. Bg5
Qxg5 15. Bxc4 Qf5 16. Qd1 Rad8 17. Bd3 Qg5 18. Qc2 Qh5 19. Ne4 Bd6 20. Ng3 Qh4
21. Rad1 h6 22. Bc4 c5 23. b3 Bg4 24. Rc1 c6 25. f4 Re3 26. Qf2 Rde8 27. Rfe1
Rxe1+ 28. Rxe1 Rxe1+ 29. Qxe1 Qe7 30. Qd2 Qc7 31. Ne2 Qe7 32. g3 Be6 33. Bxe6
Qxe6 34. f5 Qe5 35. Qd1 Bc7 36. Qc2 Qe3+ 37. Kg2 Be5 38. h3 Bd4 39. a4 Qf2+ 40.
Kh1 Be5 41. Qd3 Bd4 42. Qc2 Qe3 43. Kg2 h5 44. h4 Qf2+ 45. Kh1 Qf3+ 46. Kh2 Be5
47. Qc4 Qxf5 48. Kg2 Bd6 49. Qa6 Qd7 50. Nc3 Be5 51. Ne4 Qd5 52. Qc8+ Kh7 53.
Qf5+ g6 54. Qf3 Kg7 55. Kh3 f5 56. Ng5 Qxf3 57. Nxf3 Bf6 58. Nd2 Kf7 59. Kg2
Ke6 60. Kf3 Kd5 61. Ke3 g5 62. Kd3 gxh4 63. gxh4 Bxh4 64. Nf3 Bf6 65. Nd2 h4
66. Nf3 h3 67. Nh2 Be5 0-1

[Event "DEM U10/U10w 2008"]
[Site "Willingen GER"]
[Date "2008.05.15"]
[Round "8"]
[White "Manusina, Nicole"]
[Black "Bluhm, Sonja Maria"]
[Result "1/2-1/2"]
[Termination "normal"]
[Board "2"]
[WhiteElo "1601"]
[BlackElo "1520"]
[PlyCount "62"]
[WhiteFideId "24657514"]
[BlackFideId "24654027"]
[EventCountry "GER"]
[EventRounds "11"]
[EventType "swiss"]
[EventDate "2008.05.10"]

1. d4 Nf6 2. c4 g6 3. Nc3 Bg7 4. e4 d6 5. f3 O-O 6. Be3 Nbd7 7. Bd3 c5 8. Nge2
a6 9. O-O Nh5 10. Qd2 Re8 11. Rac1 e6 12. Rfd1 b6 13. d5 e5 14. f4 Nf8 15. a3
Bg4 16. h3 exf4 17. Bxf4 Nxf4 18. Qxf4 Bxe2 19. Bxe2 f5 20. Bd3 Be5 21. Qf3
Bd4+ 22. Kh1 fxe4 23. Bxe4 Qh4 24. Re1 Nd7 25. Qg4 Qxg4 26. hxg4 Ne5 27. Bf3
Nxc4 28. Rxe8+ Rxe8 29. Ne4 Nxb2 30. Nxd6 Rd8 31. Ne4 b5 1/2-1/2

[Event "DEM U10/U10w 2008"]
[Site "Willingen GER"]
[Date "2008.05.15"]
[Round "8"]
[White "Müller, Constantin"]
[Black "Wagner, Robert"]
[Result "0-1"]
[Termination "normal"]
[Board "3"]
[WhiteElo "1275"]
[BlackElo "1561"]
[PlyCount "124"]
[WhiteFideId "24697630"]
[BlackFideId "24656879"]
[EventCountry "GER"]
[EventRounds "11"]
[EventType "swiss"]
[EventDate "2008.05.10"]

1. e4 c5 2. Nc3 Nc6 3. f4 d6 4. Bc4 e6 5. Nf3 Qc7 6. d3 a6 7. a4 Nf6 8. O-O Be7
9. Qe1 O-O 10. h3 Rd8 11. Bb3 d5 12. e5 Nd7 13. Qg3 Qb6 14. Kh1 Nb4 15. a5 Qc7
16. f5 c4 17. f6 Bf8 18. fxg7 Be7 19. dxc4 dxc4 20. Ba4 Nc5 21. Ng5 f6 22. Nf3
f5 23. Ng5 h6 24. Nf3 Bd7 25. Bxd7 Rxd7 26. Bxh6 Nxc2 27. Rac1 Nb4 28. Ne2 Ncd3
29. Rb1 Qxa5 30. Qg6 Qb6 31. Nfd4 Nxe5 32. Qxe6+ Qxe6 33. Nxe6 Rd6 34. N2d4 Nf7
35. Bf4 Rd7 36. Nxf5 Nd3 37. Nh6+ Nxh6 38. Bxh6 Rd6 39. Rf8+ Bxf8 40. gxf8=Q+
Rxf8 41. Bxf8 Rxe6 42. Ba3 b5 43. b4 c3 44. Rb3 Rc6 45. Kg1 Ne5 46. Kf2 c2 47.
Ke2 c1=Q 48. Bxc1 Rxc1 49. Re3 Nc4 50. Rg3+ Kh7 51. Rb3 Rc2+ 52. Kd3 Rb2 53.
Rxb2 Nxb2+ 54. Kc3 Nc4 55. Kd4 Kg6 56. Kc5 Kg5 57. g3 Kh5 58. Kc6 Kg5 59. Kb7
a5 60. h4+ Kh5 61. bxa5 Nxa5+ 62. Ka6 b4 0-1

[Event "DEM U10/U10w 2008"]
[Site "Willingen GER"]
[Date "2008.05.15"]
[Round "8"]
[White "Richter, Leonard"]
[Black "Donchenko, Alexander"]
[Result "1-0"]
[Termination "normal"]
[Board "4"]
[WhiteElo "1379"]
[BlackElo "1814"]
[PlyCount "61"]
[WhiteFideId "12900290"]
[BlackFideId "24603295"]
[EventCountry "GER"]
[EventRounds "11"]
[EventType "swiss"]
[EventDate "2008.05.10"]

1. e4 c5 2. d4 cxd4 3. c3 Nf6 4. e5 Nd5 5. cxd4 e6 6. Bc4 Nf6 7. Bd3 d6 8. Nc3
Nc6 9. Nf3 b6 10. Be3 Qc7 11. Bf4 Be7 12. O-O dxe5 13. dxe5 Nd7 14. Re1 Nc5 15.
Bc2 b5 16. a3 Bb7 17. b4 Nd7 18. Qb1 h6 19. Qd1 Nb6 20. Nd2 Rd8 21. Qg4 g6 22.
Nde4 Nd4 23. Nf6+ Bxf6 24. exf6 Qxc3 25. Bxg6 Rg8 26. Rxe6+ Kf8 27. Bxh6+ Rg7
28. Bxg7+ Kg8 29. Bh7+ Kxh7 30. Qh5+ Kg8 31. Qh8# 1-0

[Event "DEM U10/U10w 2008"]
[Site "Willingen GER"]
[Date "2008.05.15"]
[Round "8"]
[White "Grigorian, Spartak"]
[Black "Myagkov, Kirill"]
[Result "1/2-1/2"]
[Termination "normal"]
[Board "5"]
[WhiteElo "1795"]
[BlackElo "1582"]
[PlyCount "76"]
[WhiteFideId "24661490"]
[BlackFideId "24657042"]
[EventCountry "GER"]
[EventRounds "11"]
[EventType "swiss"]
[EventDate "2008.05.10"]

1. c4 c5 2. Nc3 Nc6 3. g3 g6 4. Bg2 Bg7 5. e4 d6 6. Nge2 Nf6 7. O-O O-O 8. h3
Be6 9. d3 Qd7 10. Kh2 Qc8 11. Rb1 Nd7 12. Nd5 Bxd5 13. exd5 Nd4 14. Be3 Nxe2
15. Qxe2 Ne5 16. f4 Nd7 17. b3 Qc7 18. Rfd1 Qb6 19. b4 Qc7 20. bxc5 Nxc5 21.
Bxc5 dxc5 22. d6 Qxd6 23. Rxb7 e6 24. Rdb1 Rab8 25. Qe4 Rxb7 26. Rxb7 a5 27.
Rb5 Bc3 28. Qc6 Qxc6 29. Bxc6 Bb4 30. Rb7 Rd8 31. Rd7 Rxd7 32. Bxd7 Kg7 33. Kg2
Kf6 34. Kf3 Ke7 35. Bb5 f5 36. Ke3 Bc3 37. a4 Bd4+ 38. Kf3 Kd6 1/2-1/2

[Event "DEM U10/U10w 2008"]
[Site "Willingen GER"]
[Date "2008.05.15"]
[Round "8"]
[White "Wolff, Christopher"]
[Black "Srokovskiy, Andrea"]
[Result "1-0"]
[Termination "normal"]
[Board "6"]
[WhiteElo "1373"]
[BlackElo "1528"]
[PlyCount "85"]
[BlackFideId "4624947"]
[EventCountry "GER"]
[EventRounds "11"]
[EventType "swiss"]
[EventDate "2008.05.10"]

1. e4 c5 2. Nc3 e6 3. f4 d6 4. Nf3 a6 5. d3 Nd7 6. g3 Qc7 7. Bg2 Ngf6 8. O-O
Be7 9. h3 Rb8 10. Kh1 b5 11. Ne2 Bb7 12. g4 O-O 13. Ng3 Rbc8 14. g5 Ne8 15. h4
Qc6 16. h5 Qc7 17. Nh2 c4 18. d4 c3 19. b3 b4 20. f5 e5 21. d5 f6 22. Qg4 fxg5
23. Bxg5 Nef6 24. Qe2 h6 25. Be3 Qd8 26. Ng4 Nxg4 27. Qxg4 Nf6 28. Qg6 Qe8 29.
Bf3 Qxg6 30. fxg6 Ra8 31. Nf5 Rfe8 32. Rg1 a5 33. Bxh6 gxh6 34. Nxh6+ Kg7 35.
Nf5+ Kg8 36. h6 Kh8 37. Rg2 Kg8 38. Rag1 Kh8 39. h7 Rac8 40. g7+ Kxh7 41. Rh2+
Kg8 42. Rh8+ Kf7 43. Nh6# 1-0

[Event "DEM U10/U10w 2008"]
[Site "Willingen GER"]
[Date "2008.05.15"]
[Round "8"]
[White "Wendland, Tobias"]
[Black "Peters, Tom"]
[Result "0-1"]
[Termination "normal"]
[Board "7"]
[WhiteElo "1314"]
[BlackElo "1472"]
[PlyCount "94"]
[WhiteFideId "24662267"]
[BlackFideId "24694444"]
[EventCountry "GER"]
[EventRounds "11"]
[EventType "swiss"]
[EventDate "2008.05.10"]

1. d4 d5 2. c4 c6 3. Nc3 Nf6 4. Nf3 dxc4 5. a4 Bf5 6. Ne5 Nbd7 7. Nxc4 Qc7 8.
g3 Nd5 9. e4 Nxc3 10. Bf4 Qxf4 11. gxf4 Nxd1 12. exf5 Nxb2 13. Nxb2 g6 14. fxg6
hxg6 15. Bd3 Bg7 16. Nc4 Bxd4 17. Rb1 b6 18. Be4 Rc8 19. f5 g5 20. O-O Ne5 21.
Rbc1 Nxc4 22. Rxc4 c5 23. Rfc1 Be5 24. a5 Bxh2+ 25. Kg2 Bf4 26. axb6 axb6 27.
Rb1 Rb8 28. Bc6+ Kf8 29. Rxc5 bxc5 30. Rxb8+ Bxb8 31. f6 c4 32. fxe7+ Kxe7 33.
f4 Bxf4 34. Kf3 c3 35. Be4 Rh3+ 36. Ke2 Re3+ 37. Kd1 Rxe4 38. Kc2 Bc1 39. Kxc1
g4 40. Kc2 g3 41. Kd3 Ra4 42. Kxc3 g2 43. Kb3 Rh4 44. Kc3 g1=Q 45. Kd2 Qg3 46.
Ke2 Rh2+ 47. Kf1 Qf2# 0-1

[Event "DEM U10/U10w 2008"]
[Site "Willingen GER"]
[Date "2008.05.15"]
[Round "8"]
[White "Bilchinski, Anton"]
[Black "Hoppe, Jonas"]
[Result "1-0"]
[Termination "normal"]
[Board "8"]
[WhiteElo "1477"]
[BlackElo "1280"]
[PlyCount "107"]
[WhiteFideId "24615765"]
[EventCountry "GER"]
[EventRounds "11"]
[EventType "swiss"]
[EventDate "2008.05.10"]

1. d4 Nf6 2. Nf3 d5 3. e3 c5 4. c3 e6 5. Bd3 Nc6 6. Ne5 c4 7. Bc2 Nxe5 8. dxe5
Nd7 9. f4 Bc5 10. Qf3 b6 11. Nd2 Bb7 12. Nxc4 Rb8 13. Nd2 d4 14. Be4 dxe3 15.
Bxb7 exd2+ 16. Bxd2 Qc7 17. Bc6 Rc8 18. Ba4 a6 19. b4 Be7 20. O-O b5 21. Bb3
Nb6 22. Kh1 O-O 23. Qg3 Rfd8 24. Qf2 Nd5 25. Bxd5 Rxd5 26. a4 Rcd8 27. Be1 Rd1
28. Ra2 bxa4 29. Rxa4 Qc6 30. Ra2 Qc4 31. Qe2 Qxe2 32. Rxe2 Rc8 33. Kg1 Rxe1
34. Rexe1 Rxc3 35. Rc1 Rxc1 36. Rxc1 Bxb4 37. Rc8+ Bf8 38. Ra8 g6 39. Rxa6 h5
40. h3 Kg7 41. g4 hxg4 42. hxg4 Bc5+ 43. Kg2 Be3 44. Kf3 Bc1 45. Ke4 Bb2 46. f5
exf5+ 47. gxf5 gxf5+ 48. Kxf5 Bc3 49. Ra7 Bd4 50. Rd7 Bc5 51. e6 Kf8 52. exf7
Bb4 53. Kg6 Be7 54. Rxe7 1-0

[Event "DEM U10/U10w 2008"]
[Site "Willingen GER"]
[Date "2008.05.15"]
[Round "8"]
[White "Riasanow, Nikita"]
[Black "Kasel, Ronaldo"]
[Result "0-1"]
[Termination "normal"]
[Board "9"]
[WhiteElo "1259"]
[BlackElo "1438"]
[PlyCount "172"]
[BlackFideId "24660949"]
[EventCountry "GER"]
[EventRounds "11"]
[EventType "swiss"]
[EventDate "2008.05.10"]

1. Nf3 Nc6 2. g3 d5 3. Bg2 Nf6 4. d3 e5 5. O-O Be6 6. Nbd2 Bd6 7. e4 dxe4 8.
dxe4 Qd7 9. c3 O-O-O 10. Qa4 Kb8 11. Rd1 Ne7 12. Qxd7 Rxd7 13. Nb3 Ng6 14. Ne1
h5 15. h3 Rhd8 16. Be3 b6 17. Rd2 Be7 18. Rad1 Rxd2 19. Rxd2 Rxd2 20. Bxd2 Bc8
21. Kh2 Bb7 22. f3 a5 23. Bf1 a4 24. Nc1 c6 25. Bc4 Nh8 26. a3 b5 27. Ba2 c5
28. Ncd3 Ba6 29. Nxe5 Kc7 30. Bf4 Bd6 31. Nxf7 Bxf4 32. gxf4 Ng6 33. e5 Nd7 34.
e6 Ndf8 35. f5 Ne7 36. Bb1 c4 37. Kg3 Nh7 38. Kh4 Nf6 39. Ng2 Bb7 40. Ng5 Ned5
41. Ne4 Bc6 42. Kg5 Be8 43. Nxf6 Nxf6 44. Be4 Kd6 45. f4 Nxe4+ 46. Kh4 Nf2 47.
Kg3 Nd3 48. Ne3 Nxb2 49. Nc2 Nd1 50. Kf3 Nxc3 51. Ke3 Nd5+ 52. Ke4 Bc6 53. Nd4
Ne7+ 54. Nxc6 Nxc6 55. Ke3 Kd5 56. Kd2 Ke4 57. Kc3 Kxf4 58. e7 Nxe7 59. Kb4
Nxf5 60. Kxb5 Nd4+ 61. Kxc4 Nc2 62. Kb5 Nxa3+ 63. Kxa4 Kg3 64. h4 Kxh4 65. Kxa3
g5 66. Kb3 g4 67. Kc2 g3 68. Kd2 g2 69. Ke3 g1=Q+ 70. Kd3 Qf2 71. Kc3 Qe2 72.
Kd4 Qf3 73. Ke5 Qd3 74. Kf4 Kh3 75. Ke5 Kg4 76. Ke6 Qf5+ 77. Kd6 Kf4 78. Kc6
Qe5 79. Kd7 Qf6 80. Kc7 Qe6 81. Kb7 Qd6 82. Ka8 Qd7 83. Kb8 Ke5 84. Ka8 Kd6 85.
Kb8 Kc6 86. Ka8 Qb7# 0-1

[Event "DEM U10/U10w 2008"]
[Site "Willingen GER"]
[Date "2008.05.15"]
[Round "8"]
[White "Lagunov, Rafael"]
[Black "Hirschmann, Jakob"]
[Result "0-1"]
[Termination "normal"]
[Board "10"]
[WhiteElo "1150"]
[BlackElo "1335"]
[PlyCount "54"]
[WhiteFideId "24652644"]
[BlackFideId "24652067"]
[EventCountry "GER"]
[EventRounds "11"]
[EventType "swiss"]
[EventDate "2008.05.10"]

1. e4 e6 2. d4 d5 3. Nd2 Nf6 4. e5 Nfd7 5. Bd3 c5 6. c3 Nc6 7. Ne2 Qb6 8. Nf3
Be7 9. O-O O-O 10. Re1 cxd4 11. cxd4 Kh8 12. a3 f6 13. exf6 Nxf6 14. Kh1 Bd7
15. b4 Ng4 16. Kg1 e5 17. h3 Nxf2 18. Kxf2 e4 19. Nf4 exf3 20. Be3 fxg2 21.
Kxg2 Bf5 22. Nxd5 Qd8 23. Nxe7 Nxe7 24. Rc1 Qd5+ 25. Kg1 Bxh3 26. Rc2 Rf3 27.
Bf2 Qg5+ 0-1

[Event "DEM U10/U10w 2008"]
[Site "Willingen GER"]
[Date "2008.05.15"]
[Round "8"]
[White "Scholz, Robert"]
[Black "Keller, Peter"]
[Result "0-1"]
[Termination "normal"]
[Board "11"]
[WhiteElo "1295"]
[BlackElo "1217"]
[PlyCount "112"]
[WhiteFideId "1270301"]
[BlackFideId "1272105"]
[EventCountry "GER"]
[EventRounds "11"]
[EventType "swiss"]
[EventDate "2008.05.10"]

1. e4 d5 2. exd5 Nf6 3. Nc3 Nxd5 4. Nxd5 Qxd5 5. Nf3 Bg4 6. Be2 Nc6 7. O-O
O-O-O 8. d3 e5 9. Be3 f6 10. c3 Bxf3 11. gxf3 Bd6 12. Qb3 Qxb3 13. axb3 a6 14.
b4 g5 15. Kg2 Ne7 16. Rg1 Nd5 17. Kf1 Nf4 18. Bxf4 exf4 19. d4 c6 20. Ke1 Rde8
21. Kd2 Re7 22. Rae1 Rhe8 23. Bd3 Rxe1 24. Rxe1 Rxe1 25. Kxe1 h6 26. Bf5+ Kc7
27. Kd2 b6 28. Kc2 c5 29. bxc5 bxc5 30. d5 c4 31. Kd2 Bc5 32. Ke2 Kb6 33. Bc2
Kc7 34. b3 cxb3 35. Bxb3 a5 36. c4 Kd6 37. Bc2 Ke5 38. Kd3 Bxf2 39. Kc3 f5 40.
h3 h5 41. Bd1 Bc5 42. Kd3 a4 43. Bxa4 g4 44. fxg4 fxg4 45. hxg4 hxg4 46. Bd7 g3
47. Bh3 f3 48. Bg4 g2 49. Bxf3 g1=Q 50. Bh5 Qe3+ 51. Kc2 Qe4+ 52. Kd2 Qxc4 53.
Be2 Qxd5+ 54. Bd3 Qa2+ 55. Bc2 Kd4 56. Kc1 Kc3 0-1

[Event "DEM U10/U10w 2008"]
[Site "Willingen GER"]
[Date "2008.05.15"]
[Round "8"]
[White "Riehle, Marco"]
[Black "Sabirov, Ramil"]
[Result "0-1"]
[Termination "normal"]
[Board "12"]
[WhiteElo "1000"]
[BlackElo "1270"]
[PlyCount "108"]
[WhiteFideId "12904392"]
[BlackFideId "12900303"]
[EventCountry "GER"]
[EventRounds "11"]
[EventType "swiss"]
[EventDate "2008.05.10"]

1. e4 c5 2. Nf3 d6 3. Bc4 e6 4. Nc3 Nf6 5. d4 cxd4 6. Nxd4 a6 7. Nf3 b5 8. Bb3
b4 9. Na4 Nxe4 10. Qd4 d5 11. Nb6 Nc6 12. Ba4 Bd7 13. Bxc6 Bxc6 14. Nxa8 Qxa8
15. O-O Bb5 16. Rd1 f6 17. b3 Bc5 18. Qb2 Nxf2 19. Rd4 Bxd4 20. Nxd4 Ne4 21.
Nxe6 Qa7+ 22. Qd4 Qxd4+ 23. Nxd4 Bd7 24. a3 O-O 25. axb4 Bb5 26. Ne6 Rc8 27.
Nd4 Re8 28. Nxb5 axb5 29. Bb2 Rc8 30. Rc1 Nc3 31. Kf2 Na2 32. Re1 Rxc2+ 33. Re2
Nxb4 34. Ba3 Rxe2+ 35. Kxe2 Nc6 36. Kf3 Nd4+ 37. Kf4 Nxb3 38. Kf5 Kf7 39. h4
g6+ 40. Kg4 d4 41. Kf3 Ke6 42. Ke4 f5+ 43. Kd3 Kd5 44. g3 Nc5+ 45. Bxc5 Kxc5
46. Kc2 b4 47. Kd3 b3 48. Kd2 Kc4 49. Kd1 d3 50. Kc1 Kc3 51. g4 f4 52. h5 f3
53. hxg6 f2 54. gxh7 f1=R# 0-1